| 000 | 00753nam a2200229Ia 4500 | ||
|---|---|---|---|
| 008 | 130821s1977 xxu gr eng | ||
| 020 | _a0138167443 | ||
| 040 |
_aCo-BoUCM _bspa |
||
| 041 | 0 | 0 | _aeng |
| 100 | 1 | _aBandura, Albert | |
| 245 | 1 | 0 |
_aSocial learning theory _cAlbert Bandura |
| 260 |
_aTrenton (Nueva Jersey, Estados Unidos) _bPrentice Hall _c1977 |
||
| 300 | _a248 páginas | ||
| 490 | 0 | _aPrentice Hall Series in Social Learning Theory | |
| 504 | _aIncluye índice y bibliografía | ||
| 650 | 0 | 4 | _aControl (Psicología) |
| 650 | 0 | 4 |
_aPsicología del aprendizaje _922817 |
| 650 | 0 | 4 |
_aPsicología _98001 |
| 650 | 0 | 4 |
_aSocialización _924714 |
| 942 |
_cLIBRO _a9 _e1 _mB214S _2DEWEY _h153.15 _n0 |
||
| 999 |
_c33135 _d33135 |
||